| 000 | 00897nam a2200265 a 4500 | ||
|---|---|---|---|
| 001 | BRL_1685 | ||
| 003 | FranzMayer | ||
| 005 | 20230918123035.0 | ||
| 008 | 280414s2009----mx-a######---#000-0#spa-# | ||
| 040 | _cmfm | ||
| 041 | _aspa | ||
| 044 | _amx | ||
| 050 | 4 |
_aNK844 _b.A54 2009 |
|
| 100 | 1 |
_aAnguiano, Mariana _927630 |
|
| 245 | 1 | 0 |
_aArtesanía ritual tradicional _cMariana Anguiano ; revisión y actualización Marco Buenrostro. |
| 260 |
_aMéxico _bFONART Fondo Nacional para el Fomento de las Artesanías _c2009 |
||
| 300 |
_a47 p. _bil. _c21 cm. |
||
| 440 | 0 |
_aArtesanías tradicionales. Apuntes monográficos _927490 |
|
| 500 | _aUn ejemplar en Anexo 1 | ||
| 650 | 1 | 4 |
_aArte popular _zMéxico _9882 |
| 650 | 1 | 4 |
_aIndígenas de México _xReligión y Mitología _923675 |
| 651 | 4 |
_aMéxico _xVida religiosa y costumbres _927631 |
|
| 700 | 1 |
_aBuenrostro, Marco _911025 |
|
| 942 |
_2lcc _cB |
||
| 999 |
_c10494 _d10494 |
||